| 000 | 01968nam0a22003971 4500 | ||
|---|---|---|---|
| 001 | v19\rc\1343076 | ||
| 005 | 20260407135207.0 | ||
| 035 | _a(NLR Aleph) 004490884 | ||
| 090 |
_a4649188 _c4649188 |
||
| 100 | _a20060512d1859 |||y0rusy50 ca | ||
| 101 | 0 | _arus | |
| 102 | _aRU | ||
| 105 | _ay z ||||| | ||
| 135 | _acrmn mmmanaba | ||
| 200 | 1 | _aОписание вещей, заготвляемых комиссариатом для обмундирования и снаряжения сухопутных войск | |
| 210 |
_aСанктпетербург _d1859 |
||
| 215 |
_a[1], XI, 213 с. _d22 |
||
| 311 | _aЭкз. РНБ на шифре 135/106 является прил. к изд.: Приказы Военного Министра за 1859 г. | ||
| 325 | 1 | _aКопия доступна в электронной библиотеке РНБ | |
| 422 | 0 |
_12001#$aПриказы Военного Министра за 1859 г. _tПриказы Военного Министра за 1859 г. |
|
| 711 | 0 | 1 |
_aРоссия _bВоенное министерство _bКомиссариатский департамент _3RU\NLR\AUTH\8810081801 _9665785 |
| 712 | 0 | 1 |
_aРоссия _bВоенное министерство _bКомиссариатский департамент |
| 801 | 0 |
_aRU _bNLR _gpsbo |
|
| 801 | 0 |
_aRU _bRuMoRGB _2psbo |
|
| 801 | 1 |
_aRU _bProSoft-M _2rusmarc |
|
| 801 | 2 |
_aRU _bNLR _c20131121 _2rusmarc |
|
| 852 |
_aNLR _j18.79.1.158 |
||
| 852 |
_aNLR _j135/106 |
||
| 899 |
_aRuMoRGB _jU 99/673 |
||
| 899 |
_aRuMoRGB _jE 104/149 |
||
| 901 | _eКнижные издания | ||
| 942 | _cBOOK | ||
| 980 | _aNB | ||
| 981 | 2 | 2 |
_a(22) Материалы по истории России _b(22) История России до 25 октября (7 ноября) 1917 года |
| 981 | 2 | 2 |
_a(22) Материалы по истории России _b(22) Военное дело |